000 00596nam a2200217Ia 4500
005 20250508164026.0
008 008 250505s9999 xx 000 0 eng d
020 _a0-415-24837-X
037 _aTextual
040 _aFEDL
_beng
_cFEDL
041 _aeng
_2eng
084 _a001.42, DEL
_qFEDL
100 _aDelamont Sara
245 0 _aFieldwork in educational settings: Methods pitfalls and perspectives
250 _a2
260 _aLondon, UK
_bRoutledge
_c2002
300 _ax,249p
365 _aGBP
_b16.99
942 _cTEXL
_h001.42, DEL
999 _c1386644
_d1386644